| 000 | 00492nam a2200157 4500 | ||
|---|---|---|---|
| 001 | 148326 | ||
| 003 | ES-MaACL | ||
| 007 | t| | ||
| 008 | 070214s1967 mx r ||||1| spa d | ||
| 100 | 1 |
_aStowe, Harriet Beecher. _9108346 |
|
| 245 | 1 | 3 |
_aLa cabaña de Tom [sic] _b: o La vida entre los humildes / _cHarriet Beecher Stowe. |
| 260 |
_aMéxico : _bEd. Nacional, _c[1967] |
||
| 740 | 0 | _aLa cabaña del tío Tom. | |
| 740 | 0 | _aLa vida entre los humildes. | |
| 852 |
_aES-MaACL _jE-9214 _bR.93694 |
||
| 999 |
_c148326 _d148326 |
||